00411nam a2200121Ia 4500008004100000245014800041260001800189260000900207300000800216500001400224650001300238856003800251170516s9999 xx 000 0 und d aDevelopment and Validation of a Successful Microbiological Agar Assay for Determination of Ceftriaxone Sodium in Powder for Injectable Solution bPharmaceutics c2012 a4:3 aSeptember xPharmacy uhttp://www.mdpi.com/1999-4923/4/3